| 000 | 00993cam a2200253 a 4500 | ||
|---|---|---|---|
| 001 | 000001678 | ||
| 005 | 20200929145646.0 | ||
| 008 | 760429s1975 wauaf bc 001 0 eng | ||
| 020 | _a0295954213 | ||
| 040 |
_aDO-SdBNP _bspa _cDLC _dDLC _dBNPHU |
||
| 082 |
_a731.463 _bD855i |
||
| 100 | 1 |
_aDuff, Wilson, _d1925- _95457 |
|
| 245 | 1 | 0 |
_aImages, stone, B.C. : _bthirty centuries of Northwest coast Indian sculpture : an exhibition originating at the Art Gallery of Greater Victoria, Richard Simmins, director / _cWilson Duff. |
| 260 |
_aToronto : _bUniversity of Washington Press, _c1975. |
||
| 300 |
_a191 p. : _bil. ; _c22 cm. |
||
| 504 | _aBibliografía : p. 189-191. | ||
| 650 | 4 |
_aEscultura _xExposiciones _95458 |
|
| 650 | 4 |
_aEscultura _xIndígena _zAmérica Del Norte _xExposiciones _95459 |
|
| 650 | 4 |
_aTalla en piedra _95460 |
|
| 700 | 1 |
_aStewart, Hilary _95461 |
|
| 710 | 1 |
_aVictoria, B.C. _bArt Gallery of Greater Victoria. _95462 |
|
| 910 | _aCatalogación por copia / LC | ||
| 049 | _aBNGR | ||
| 999 |
_c1559 _d1559 |
||